书目信息 |
| 题名: |
幼儿教师说课技能训练
|
|
| 作者: | 梅纳新 主编 | |
| 分册: | ||
| 出版信息: | 上海 复旦大学出版社 2020.03 |
|
| 页数: | 115页 | |
| 开本: | 30cm | |
| 丛书名: | ||
| 单 册: | ||
| 中图分类: | G612 | |
| 科图分类: | ||
| 主题词: | 学前教育--课堂教学--教学法--幼儿师范学校--教材 | |
| 电子资源: | ||
| ISBN: | 978-7-309-11394-5 | |
| 000 | 00907nam0 2200229 450 | |
| 001 | 0103152650 | |
| 005 | 20201103152731.0 | |
| 010 | @a978-7-309-11394-5@dCNY28.00 | |
| 100 | @a20150712d2020 em y0chiy50 ea | |
| 101 | 0 | @achi |
| 102 | @aCN@b310000 | |
| 105 | @ay z 000yy | |
| 106 | @ar | |
| 200 | 1 | @a幼儿教师说课技能训练@Ayou er jiao shi shuo ke ji neng xun lian@f梅纳新主编 |
| 210 | @a上海@c复旦大学出版社@d2020.03 | |
| 215 | @a115页@d30cm@e1光盘 | |
| 330 | @a本书共分为五章,分别论述了说课基本原理、幼儿园说课特点、幼儿教师各种说课技能、不同类型说课技巧和说课评价标准。同时,书中运用了大量五大领域优秀说课案例来阐述幼儿园说课的程序、方法和应注意的问题,力求体现说课理论与实践的紧密结合。 | |
| 606 | 0 | @a学前教育@x课堂教学@x教学法@x幼儿师范学校@j教材 |
| 690 | @aG612@v5 | |
| 701 | 0 | @a梅纳新@Amei na xin@4主编@c(女,@f1968-) |
| 801 | 0 | @aCN@bBJSZM@c20201103 |
| 905 | @b1256391-5@dG612@e1054@f5 | |
| 幼儿教师说课技能训练/梅纳新主编.-上海:复旦大学出版社,2020.03 |
| 115页;30cm+1光盘 |
| ISBN 978-7-309-11394-5:CNY28.00 |
| 本书共分为五章,分别论述了说课基本原理、幼儿园说课特点、幼儿教师各种说课技能、不同类型说课技巧和说课评价标准。同时,书中运用了大量五大领域优秀说课案例来阐述幼儿园说课的程序、方法和应注意的问题,力求体现说课理论与实践的紧密结合。 |
| ● |
| 相关链接 |
|
|
|
|
正题名:幼儿教师说课技能训练
索取号:G612/1054
 
预约/预借
| 序号 | 登录号 | 条形码 | 馆藏地/架位号 | 状态 | 备注 |
| 1 | 1256391 | 212563910 | 第一样本阅览室/ [索取号:G612/1054] | 在馆 | |
| 2 | 1256392 | 212563929 | 教育系资料室/ [索取号:G612/1054] | 在馆 | |
| 3 | 1256393 | 212563938 | 教育系资料室/ [索取号:G612/1054] | 在馆 | |
| 4 | 1256394 | 212563947 | 第四借阅区/ [索取号:G612/1054] | 在馆 | |
| 5 | 1256395 | 212563956 | 第四借阅区/ [索取号:G612/1054] | 在馆 |